000
00219nam a22000857a 4500
008
161227b xxu||||| |||| 00| 0 eng d
100
_9
2171
_a
Bruylants.A
245
_a
Discovering My self -7
260
_a
New Delhi
_b
Oxford
_c
2009
999
_c
5060
_d
5060